000 00479nam a2200169Ia 4500
999 _c20825
_d20825
003 OSt
005 20200706121533.0
008 190216s9999||||xx |||||||||||||| ||und||
020 _a9780582209145
040 _coclc
082 _a943.086
_bWIL/T
100 _aWilliamson, D G
_93562
245 4 _aThe Third Reich /
_cD G Williamson
260 _bLongman:
_c1998.
_aLondon & New York:
300 _a125p
942 _cBK
_2ddc
_h943.086
_iWIL/T
_k943.086
_mWIL/T